Scientific explanation; (Record no. 122814)
[ view plain ]
| 000 -LEADER | |
|---|---|
| fixed length control field | 00978cam a2200301 4500 |
| 001 - CONTROL NUMBER | |
| control field | 318439 |
| 003 - CONTROL NUMBER IDENTIFIER | |
| control field | ARRUPE |
| 005 - DATE AND TIME OF LATEST TRANSACTION | |
| control field | 20150529105350.0 |
| 008 - FIXED-LENGTH DATA ELEMENTS--GENERAL INFORMATION | |
| fixed length control field | 850301s1959 enka 000 0 eng |
| 010 ## - LIBRARY OF CONGRESS CONTROL NUMBER | |
| LC control number | 53009489 |
| 035 ## - SYSTEM CONTROL NUMBER | |
| System control number | (OCoLC)505014829 |
| 035 ## - SYSTEM CONTROL NUMBER | |
| System control number | (OCoLC)ocn505014829 |
| 035 ## - SYSTEM CONTROL NUMBER | |
| System control number | (CStRLIN)NYCG85-B22065 |
| 035 ## - SYSTEM CONTROL NUMBER | |
| System control number | (NNC)318439 |
| 040 ## - CATALOGING SOURCE | |
| Modifying agency | NNC |
| Transcribing agency | DCL |
| 050 0# - LIBRARY OF CONGRESS CALL NUMBER | |
| Classification number | Q175 |
| Item number | .B7845 1960 |
| 090 ## - LOCALLY ASSIGNED LC-TYPE CALL NUMBER (OCLC); LOCAL CALL NUMBER (OCLC) | |
| Classification number (OCLC) (R) ; Classification number, CALL (RLIN) (NR) | Q175 |
| Local cutter number (OCLC) ; Book number/undivided call number, CALL (RLIN) | .B7845 |
| 300 ## - PHYSICAL DESCRIPTION | |
| Other physical details | ill. |
| Dimensions | 23 cm. |
| 100 1# - MAIN ENTRY--PERSONAL NAME | |
| Personal name | Braithwaite, Richard Bevan. |
| Fuller form of name | (Richard Bevan) |
| 9 (RLIN) | 17717 |
| 245 10 - TITLE STATEMENT | |
| Title | Scientific explanation; |
| Remainder of title | a study of the function of theory, probability and law in science. |
| Statement of responsibility, etc | By Richard Bevan Braithwaite. |
| 260 ## - PUBLICATION, DISTRIBUTION, ETC. (IMPRINT) | |
| Place of publication, distribution, etc | New York |
| Name of publisher, distributor, etc | Harper and Brothers |
| Date of publication, distribution, etc | 1960. |
| 300 ## - PHYSICAL DESCRIPTION | |
| Extent | 375 p. |
| 500 ## - GENERAL NOTE | |
| General note | "Based upon the Tarner lectures, 1946." |
| 650 #0 - SUBJECT ADDED ENTRY--TOPICAL TERM | |
| Topical term or geographic name as entry element | Logic, Symbolic and mathematical. |
| 9 (RLIN) | 17718 |
| 650 #0 - SUBJECT ADDED ENTRY--TOPICAL TERM | |
| Topical term or geographic name as entry element | Science |
| General subdivision | Methodology. |
| 9 (RLIN) | 17719 |
| 830 #0 - SERIES ADDED ENTRY--UNIFORM TITLE | |
| Uniform title | Tarner lectures. |
| 9 (RLIN) | 17720 |
| 942 ## - ADDED ENTRY ELEMENTS (KOHA) | |
| Source of classification or shelving scheme | Library of Congress Classification |
| Koha item type | Monograph ( Printed materials) |
| Withdrawn status | Lost status | Source of classification or shelving scheme | Damaged status | Not for loan | Collection code | Home library | Current library | Shelving location | Date acquired | Total Checkouts | Full call number | Barcode | Date last seen | Date checked out | Price effective from | Koha item type |
|---|---|---|---|---|---|---|---|---|---|---|---|---|---|---|---|---|
| Library of Congress Classification | Main Collection | ARRUPE LIBRARY | ARRUPE LIBRARY | Main Collection | 06/05/2015 | 2 | Q175.B7845 1960 | 46500002361 | 10/11/2017 | 07/11/2017 | 06/05/2015 | Monograph ( Printed materials) |